000 01495cam a2200373 i 4500
001 126278
005 20230410130759.0
008 140728s2013 enk 000 0 eng
035 _a18244485
010 _a 2014432273
020 _a9781848423473
020 _a1848423470
040 _aDLC
_beng
_cDLC
_dDLC
_erda
041 _aeng
042 _apcc
050 1 4 _aPN2061
_b.W525 2013
082 0 4 _a792.02/8
_223
100 0 _aWest End Producer.
245 1 0 _aEverything you always wanted to know about acting, but were afraid to ask, dear /
_cWest End Producer.
264 1 _aLondon :
_bNick Hern Books,
_c2013.
300 _aX, 233 pages ;
_c22 cm
336 _atext
_btxt
_2rdacontent
337 _aunmediated
_bn
_2rdamedia
338 _avolume
_bnc
_2rdacarrier
505 0 _aThe overture -- The pre-show: training -- Act one: auditioning -- Act two: rehearsing -- The interval -- Act three: performing -- A quick scene change in the middle of Act three: touring -- Act four: important people and how to deal with them -- Act five: the business -- The curtain call.
650 0 _aActing.
650 0 _aPerforming arts.
650 0 _aTheater
_zEngland
_zLondon.
856 4 2 _3Publisher description
_uhttp://www.loc.gov/catdir/enhancements/fy1412/2014432273-d.html
856 4 2 _3Contributor biographical information
_uhttp://www.loc.gov/catdir/enhancements/fy1412/2014432273-b.html
923 _apurchase
_d20140619
_nI-200006186
_sCoutts
942 _2lcc
_cbk
946 _allh
999 _c80248
_d80248